Advanced Technologies, Systems, and Applications II Proceedings of the International Symposium on Innovative and Interdisciplinary Applications of Advanced Technologies (IAT) /

This book presents innovative and interdisciplinary applications of advanced technologies. It includes the scientific outcomes of the 9th DAYS OF BHAAAS (Bosnian-Herzegovinian American Academy of Arts and Sciences) held in Banja Vrućica, Teslić, Bosnia and Herzegovina on May 25-28, 2017. This uniq...

Full description

Bibliographic Details
Corporate Author: SpringerLink (Online service)
Other Authors: Hadžikadić, Mirsad (Editor, http://id.loc.gov/vocabulary/relators/edt), Avdaković, Samir (Editor, http://id.loc.gov/vocabulary/relators/edt)
Format: Electronic eBook
Language:English
Published: Cham : Springer International Publishing : Imprint: Springer, 2018.
Edition:1st ed. 2018.
Series:Lecture Notes in Networks and Systems, 28
Subjects:
Online Access:Full Text via HEAL-Link
LEADER 03228nam a2200553 4500
001 978-3-319-71321-2
003 DE-He213
005 20191022011721.0
007 cr nn 008mamaa
008 180130s2018 gw | s |||| 0|eng d
020 |a 9783319713212  |9 978-3-319-71321-2 
024 7 |a 10.1007/978-3-319-71321-2  |2 doi 
040 |d GrThAP 
050 4 |a Q342 
072 7 |a UYQ  |2 bicssc 
072 7 |a TEC009000  |2 bisacsh 
072 7 |a UYQ  |2 thema 
082 0 4 |a 006.3  |2 23 
245 1 0 |a Advanced Technologies, Systems, and Applications II  |h [electronic resource] :  |b Proceedings of the International Symposium on Innovative and Interdisciplinary Applications of Advanced Technologies (IAT) /  |c edited by Mirsad Hadžikadić, Samir Avdaković. 
250 |a 1st ed. 2018. 
264 1 |a Cham :  |b Springer International Publishing :  |b Imprint: Springer,  |c 2018. 
300 |a XIII, 1203 p. 773 illus., 606 illus. in color.  |b online resource. 
336 |a text  |b txt  |2 rdacontent 
337 |a computer  |b c  |2 rdamedia 
338 |a online resource  |b cr  |2 rdacarrier 
347 |a text file  |b PDF  |2 rda 
490 1 |a Lecture Notes in Networks and Systems,  |x 2367-3370 ;  |v 28 
520 |a This book presents innovative and interdisciplinary applications of advanced technologies. It includes the scientific outcomes of the 9th DAYS OF BHAAAS (Bosnian-Herzegovinian American Academy of Arts and Sciences) held in Banja Vrućica, Teslić, Bosnia and Herzegovina on May 25-28, 2017. This unique book offers a comprehensive, multidisciplinary and interdisciplinary overview of the latest developments in a broad section of technologies and methodologies, viewed through the prism of applications in computing, networking, information technology, robotics, complex systems, communications, energy, mechanical engineering, economics and medicine, to name just a few. 
650 0 |a Computational intelligence. 
650 0 |a Computational complexity. 
650 0 |a Biomedical engineering. 
650 0 |a Mechanical engineering. 
650 0 |a Energy systems. 
650 1 4 |a Computational Intelligence.  |0 http://scigraph.springernature.com/things/product-market-codes/T11014 
650 2 4 |a Complexity.  |0 http://scigraph.springernature.com/things/product-market-codes/T11022 
650 2 4 |a Biomedical Engineering and Bioengineering.  |0 http://scigraph.springernature.com/things/product-market-codes/T2700X 
650 2 4 |a Mechanical Engineering.  |0 http://scigraph.springernature.com/things/product-market-codes/T17004 
650 2 4 |a Energy Systems.  |0 http://scigraph.springernature.com/things/product-market-codes/115000 
700 1 |a Hadžikadić, Mirsad.  |e editor.  |4 edt  |4 http://id.loc.gov/vocabulary/relators/edt 
700 1 |a Avdaković, Samir.  |e editor.  |4 edt  |4 http://id.loc.gov/vocabulary/relators/edt 
710 2 |a SpringerLink (Online service) 
773 0 |t Springer eBooks 
776 0 8 |i Printed edition:  |z 9783319713205 
776 0 8 |i Printed edition:  |z 9783319713229 
776 0 8 |i Printed edition:  |z 9783319890623 
830 0 |a Lecture Notes in Networks and Systems,  |x 2367-3370 ;  |v 28 
856 4 0 |u https://doi.org/10.1007/978-3-319-71321-2  |z Full Text via HEAL-Link 
912 |a ZDB-2-ENG 
950 |a Engineering (Springer-11647)